000 00401nam a22001337a 4500
020 _a0-02-946205-3
082 _a620.0042 SHE
100 _aSHEARER, J.LOWEN ,KULANKOWSKI, BOHDAN T
_961738
245 _aDYNAMIC MODELING AND CONTROL OF ENGINEERING SYSTEMS
260 _aNEW YORK
_bMACMILLAN PUBLISH
_c1990
300 _bXIII,367 P
650 _aENGINEERING MATHEMATICAL MODELS,
_961739
942 _cBK
999 _c571087
_d571087